| 000 | 00437nam a22001697a 4500 | ||
|---|---|---|---|
| 999 |
_c526895 _d526895 |
||
| 003 | NUST | ||
| 020 | _qH/B | ||
| 038 | _awaseem | ||
| 082 |
_a891.421 _bOJA |
||
| 100 |
_aOjala, Rashpaal Singh _917900 |
||
| 245 |
_aShikraa / _cRashpaal Singh Ojala |
||
| 260 |
_aLahore : _bHaji Hanif and sons, _c1999. |
||
| 300 | _a62 p. ; | ||
| 880 |
_6100-01\r _aرشپال سنگھ اوجلا |
||
| 880 |
_6245-02\r _aشِکرا / |
||
| 942 |
_2ddc _cBK |
||